| 000 | 01015nam a22002417a 4500 | ||
|---|---|---|---|
| 005 | 20170123164140.0 | ||
| 010 | _aA-978191 | ||
| 020 | _c300.00 | ||
| 035 | _aA-978191 | ||
| 037 | _bCen Lib / Ret | ||
| 040 |
_aDPL _bPN |
||
| 082 |
_aਕ _b ਭੁੱਲਰ |
||
| 245 |
_aਪੰਜਾਬੀ ਕਹਾਣੀ ਕੋਸ਼ _bਇਕੋਤਰ ਸੌ ਪੰਜਾਬੀ ਕਹਾਣੀਆਂ _c ਸੰਪਾਦਕ ਗੁਰਬਚਨ ਸਿੰਘ ਭੁੱਲਰ |
||
| 260 |
_aਚੰਡੀਗੜ _bਪੰਜਾਬੀ ਸਾਹਿਤ ਅਕਾਦਮੀ |
||
| 270 |
_aਕਲਾ ਭਵਨ , ਰੋਜ਼ ਗਾਰਡਨ , ਸੌਕਟਰ 16, _bਚੰਡੀਗੜ |
||
| 300 |
_axxiv, 568p. _b24cm(Hb) |
||
| 650 |
_aਪੰਜਾਬੀ ਸਾਹਿਤ _9114578 |
||
| 650 |
_aਪੰਜਾਬੀ ਕਹਾਣੀਆਂ _9114579 |
||
| 650 |
_aPunjabi Literature _9781 |
||
| 650 |
_aPunjabi Stories _96279 |
||
| 700 |
_a ਭੁੱਲਰ, ਗੁਰਬਚਨ ਸਿੰਘ _9114580 |
||
| 942 |
_2ddc _cPN _hਕ _m ਭੁੱਲਰ |
||
| 999 |
_c109645 _d109645 |
||